Geography and air transport

Αποθηκεύτηκε σε:
Λεπτομέρειες βιβλιογραφικής εγγραφής
Κύριος συγγραφέας: Graham, B. J. (Brian J.)
Μορφή: Βιβλίο
Γλώσσα:English
Δημοσίευση: Chichester : John Wiley & Sons, Ltd., 1995
Θέματα:
Ετικέτες: Προσθήκη ετικέτας
Δεν υπάρχουν, Καταχωρήστε ετικέτα πρώτοι!

MARC

LEADER 00000nam a2200000 i 4500
001 1/60954
008 980605s1995 eng d
020 |a 0471957577 
035 |l 10028807 
040 |a GR-MY-UA  |b gre  |e aacr 
041 0 |a eng 
082 0 |a 387.7 
100 1 |a Graham, B. J.  |q (Brian J.) 
245 1 0 |a Geography and air transport /  |c Brian Graham 
260 |a Chichester :   |b John Wiley & Sons, Ltd.,   |c 1995 
300 |a vii, 288 p.  
504 |a includes bibliography and index 
650 0 0 |a Aeronautics, Commercial. 
650 0 0 |a Economic geography. 
852 |a INST  |b CHIOS  |e 19980605  |h 387.7 GRA  |p 005200016330  |q 005200016330  |t BK  |y 0 
901 |a BIBL-1998-2 
909 |a Χ  |b 056726 
922 |a 2ΕΛΗ  |b 199805  |c ΤΔΕ  |d ΠΑΠΑΣΩΤΗΡΙΟΥ